A word to the wise / (Record no. 2846)

MARC details
000 -LEADER
fixed length control field 00965cam a2200289 i 4500
001 - CONTROL NUMBER
control field 2846
003 - CONTROL NUMBER IDENTIFIER
control field FISKH
005 - DATE AND TIME OF LATEST TRANSACTION
control field 20240117140407.0
008 - FIXED-LENGTH DATA ELEMENTS--GENERAL INFORMATION
fixed length control field 780517s1978 maua j 000 1 eng
010 ## - LIBRARY OF CONGRESS CONTROL NUMBER
LC control number 78017447
020 ## - INTERNATIONAL STANDARD BOOK NUMBER
International Standard Book Number 0316358983
040 ## - CATALOGING SOURCE
Original cataloging agency DLC
Transcribing agency DLC
Modifying agency DLC
Language of cataloging eng
042 ## - AUTHENTICATION CODE
Authentication code lcac
050 00 - LIBRARY OF CONGRESS CALL NUMBER
Classification number PZ7.H432478
Item number Wo
082 00 - DEWEY DECIMAL CLASSIFICATION NUMBER
Classification number [Fic]
100 1# - MAIN ENTRY--PERSONAL NAME
Personal name Herzig, Alison Cragin.
245 12 - TITLE STATEMENT
Title A word to the wise /
Statement of responsibility, etc. Alison Cragin Herzig, Jane Lawrence Mali ; illustrated by Martha Perske.
260 ## - PUBLICATION, DISTRIBUTION, ETC.
Place of publication, distribution, etc. Columbus :
Name of publisher, distributor, etc. Weekly Reader Books,
Date of publication, distribution, etc. 1978.
300 ## - PHYSICAL DESCRIPTION
Extent 141 pages :
Other physical details illustrations ;
Dimensions 21 cm
520 ## - SUMMARY, ETC.
Summary, etc. The thesaurus stolen from their teacher alters the lives of eight fifth-graders in a special reading group.
650 #1 - SUBJECT ADDED ENTRY--TOPICAL TERM
Topical term or geographic name entry element Vocabulary
General subdivision Fiction.
650 #1 - SUBJECT ADDED ENTRY--TOPICAL TERM
Topical term or geographic name entry element Schools
General subdivision Fiction.
700 1# - ADDED ENTRY--PERSONAL NAME
Personal name Mali, Jane Lawrence,
Relator term author
700 1# - ADDED ENTRY--PERSONAL NAME
Personal name Perske, Martha.
Dates associated with a name illustrator
906 ## - LOCAL DATA ELEMENT F, LDF (RLIN)
a 7
b cbc
c orignew
d 1
e ocip
f 19
g y-gencatlg
942 ## - ADDED ENTRY ELEMENTS (KOHA)
Source of classification or shelving scheme Dewey Decimal Classification
Koha item type Books
Suppress in OPAC No
Holdings
Withdrawn status Lost status Source of classification or shelving scheme Damaged status Not for loan Collection Home library Current library Shelving location Date acquired Total Checkouts Full call number Barcode Date last seen Price effective from Koha item type
    Dewey Decimal Classification     Fiction Footprints International School Library Network Toul Kork Campus Footprints International School Library Network Toul Kork Campus   01/17/2024   HER Fic PZ7.H432478 FIS01657 01/17/2024 01/17/2024 Books